000 00700nam a2200253Ia 4500
003 OSt
005 20220918211746.0
006 a|||||r|||| 00| 0
007 ta
008 220917b |||||||| |||| 00| 0 eng d
024 _a125,543
037 _cTextual
040 _aARTS
_cARTS
_beng
041 _2eng
_aeng
082 _aW:91, J43;M5-;1
100 _aMorgenthau Hans J
_929158
245 0 _aPolitics among nations
_b the struggle for power and peace
250 _a6th
260 _aNew Delhi
_bKalyani Pub
_c1985
300 _axiv,688p.
_ccm.
650 _aPOLITICAL SCIENCE
942 _hW:91, J43;M5-;1
_cTEXL
_2CC
999 _c248691
_d248691